Name the Noah Kahan Song - Statistics

General Stats
  • This quiz has been taken 477 times
  • The average score is 12 of 15
Answer Stats
Hint Answer % Correct
I'm rememberin' I promised to forget you nowBut it's rainin', and I'm callin' drunk Dial Drunk
97%
As you promised me that I was more than all the miles combinedYou must have had yourself a change of heart like Stick Season
95%
Breathin' in, breathin' outHow you been? You settled down? Northern Attitude
93%
Honey, come over, the party's gone slowerAnd no one will tempt you, we know you got sober Orange Juice
91%
Oh, there was Heaven in your eyesI was not baptized She Calls Me Back
85%
The only time I got to prayin' for a red lightWas when I saw your destination as a deadline You're Gonna Go Far
83%
It's been a long yearWould we survive in a horror movie? Everywhere, Everything
81%
Two months since you got backHow have you been and are you bored yet? Homesick
81%
How have things been? Well, love, now that you mention itMy folks still talk, they speak in these two-words sentences All My Love
75%
Air in my lungs'Til the road begins The View Between Villages
75%
Ooh, silence is making me nostalgicTwo sizes big you shared in my apartment New Perspective
73%
I'm in the business of losing your interestAnd I turn a profit each time that we speak Come Over
70%
Darlin', speak to me but don't you say a wordLight a cigarette, I'll watch it as it burns Strawberry Wine
68%
County line, I'm countin' downMailboxes until my house Paul Revere
66%
I'm sailin' away to a place I'm afraid ofThe dawn isn't here, the sun hasn't rose Halloween
58%
No matching quizzes found
Score Distribution
Percent of People with Each Score
Percentile by Number Answered
Your Score History
You have not taken this quiz